| 000 | 01751cam a22003254a 4500 | ||
|---|---|---|---|
| 999 |
_c9953 _d9953 |
||
| 001 | 14233857 | ||
| 003 | GBCCL | ||
| 005 | 20241126110722.0 | ||
| 008 | 060118s2006 mnu b 001 0 eng | ||
| 010 | _a 2006001614 | ||
| 020 | _a0814624049 (alk. paper) | ||
| 020 | _a9780814624043 | ||
| 035 | _a(OCoLC)ocm63187405 | ||
| 040 |
_aDLC _cDLC _dDLC |
||
| 042 | _apcc | ||
| 050 | 0 | 0 |
_aBX1795.S35 _bB69 2006 |
| 082 | 0 | 0 |
_a261.55 _222 _bBOY |
| 100 | 1 |
_aBoyle, Elizabeth Michael, _d1927- _917310 |
|
| 245 | 1 | 0 |
_aScience as sacred metaphor : _ban evolving revelation / _cElizabeth Michael Boyle. |
| 260 |
_aCollegeville, Minn. : _bLiturgical Press, _cc2006. |
||
| 300 |
_axix, 138 p. ; _c23 cm. |
||
| 504 | _aIncludes bibliographical references (p. 123-134) and indexes. | ||
| 505 | 0 | _aMetaphor : the language of science, poetry, and faith experience -- Reflections on a quantum universe : an experience of the whole -- Reflections on dynamic landscapes : an experience of history -- Reflections on cosmic evolution : an Advent experience -- Reflections on divine and human suffering : a Lenten experience -- Reflections on evolving consciousness : a Resurrection/post-Resurrection experience -- Reflections on string theory : a Pentecostal/Eucharistic experience -- Reflections on space exploration : a timeless experience. | |
| 610 | 2 | 0 |
_aCatholic Church _vPrayers and devotions. _92794 |
| 650 | 0 |
_aReligion and science _vMeditations. _917311 |
|
| 856 | 4 | 1 |
_3Table of contents only _uhttp://www.loc.gov/catdir/toc/ecip067/2006001614.html |
| 906 |
_a7 _bcbc _corignew _d1 _eecip _f20 _gy-gencatlg |
||
| 942 |
_2ddc _cBK |
||